UBT Library

Europe between the Super-Powers (Record no. 49311)

000 -LEADER
fixed length control field 00298nam a22001337a 4500
008 - FIXED-LENGTH DATA ELEMENTS--GENERAL INFORMATION
fixed length control field 181010b xxu||||| |||| 00| 0 eng d
020 ## - INTERNATIONAL STANDARD BOOK NUMBER
International Standard Book Number 0300025955
041 ## - LANGUAGE CODE
Language code of text/sound track or separate title eng
080 ## - UNIVERSAL DECIMAL CLASSIFICATION NUMBER
Universal Decimal Classification number 320
100 ## - Rafti
Rafti 21
101 ## - Shkurtesa
Shkurtesa SHP
245 ## - TITLE STATEMENT
Title Europe between the Super-Powers
Statement of responsibility, etc Porte,A.W
942 ## - ADDED ENTRY ELEMENTS (KOHA)
Source of classification or shelving scheme
Item type Books
Holdings
Withdrawn status Lost status Source of classification or shelving scheme Damaged status Not for loan Collection code Permanent location Current location Shelving location Date acquired Total Checkouts Full call number Barcode Date last seen Price effective from Koha item type
          Koleksioni i përgjithshem UBT - Lipjan UBT - Lipjan Koleksioni i përgjithshem 10/10/2018   320 POR 002-3014422 10/10/2018 10/10/2018 Books
UBT Library © 2015-2024. All rights reserved University Education for Business and Technology